Pays les plus proches de Colombie - Mort subite - Statistiques

Statistiques générales
  • Ce quiz a été pris 158 fois
  • Le résultat moyen est 3 sur 15
Answers on the Grid
Answers color-coded by a green-red scale on the quiz's grid according to % correct below.
Panama
Venezuela
Brésil
Pérou
Équateur
Costa Rica
République dominicaine
Haïti
Guyane
Nicaragua
Trinité-et-Tobago
Jamaïque
Cuba
Grenade
Honduras
Sainte-Lucie
Dominique
Barbade
Saint-Kitts-et-Nevis
Antigua-et-Barbuda
El Salvador
Guatemala
Mexique
États-Unis
Bolivie
Paraguay
Chili
Argentine
Uruguay
Bahamas
 
Statistiques - réponses
Réponse % Correct
Venezuela
46%
Équateur
44%
Brésil
40%
Panama
38%
Pérou
38%
Costa Rica
22%
Guyane
19%
Cuba
10%
Honduras
10%
Nicaragua
10%
Trinité-et-Tobago
8%
Jamaïque
6%
République dominicaine
6%
Grenade
3%
Haïti
3%
Aucun quiz correspondant
Distribution des résultats
% des personnes avec chaque résultat
Percentile par nombre de réponses
Votre historique - résultats
Vous n’avez pas pris ce quiz